000
00218 a2200109 4500
020
_a
9788484701057
041
_a
spa
100
_a
Carl Norac y Claude K. Dubois
245
_a
Soy un cielo
942
_c
BK
999
_c
6252
_d
6252
999
_d
6252